| 000 | 00919nas a2200277 4500 | ||
|---|---|---|---|
| 001 | BR2013010142 | ||
| 003 | BR-BrBNA | ||
| 005 | 20231205123405.0 | ||
| 007 | ta | ||
| 008 | 230509b bl.|||p| |||| 00| 00por d | ||
| 040 |
_aBR-BrBNA _bpor _cBiblioteca Nacional de Agricultura |
||
| 041 | _a(Pt) | ||
| 072 | _aN10 | ||
| 100 | 1 | _aJentzsch, R. | |
| 100 | 1 | _aBaêta, F. da C. | |
| 100 | 1 | _aTinôco, I. de F.F. | |
| 100 | 1 | _aDamasceno, F.A. | |
| 100 | 1 | _aSaraz, J.A. | |
| 245 | 1 | _aParâmetros arquitetônico-ambientais para construção e testes em modelos reduzidos, representativos de galpões avícolas com base em similitude | |
| 650 | _aFRANGO DE CORTE | ||
| 650 | _aAVICULTURA | ||
| 650 | _aINSTALAÇÃO PARA ANIMAL | ||
| 773 | 0 |
_tEngenharia na Agricultura (Brazil) _xISSN 1414-3984 _g(Jan-Feb 2013), v. 21(1) p. 19-30 _wBR2013010142 |
|
| 909 |
_a202311 _bLúcia _c55 _dLúcia Elande |
||
| 942 |
_2AGRIS _n0 _cANA |
||
| 999 |
_c233643 _d233643 |
||